Statistics for Name that Australian

Click here to take the quiz!

General Stats

  • This quiz has been taken 22 times
  • The average score is 10 of 20

Answer Stats

Answer% Correct
Heath Ledger
89%
Hugh Jackman
89%
Kylie Minogue
84%
Russell Crowe
74%
Olivia Newton-John
68%
Cate Blanchett
63%
Ned Kelly
58%
Rupert Murdoch
58%
Bindi Irwin
53%
Cathy Freeman
53%
Julia Gillard
53%
Nick Kyrgios
53%
Margot Robbie
47%
Julian Assange
42%
Germaine Greer
32%
Robert Menzies
26%
Minjee Lee
16%
Ben Mendelsohn
11%
Mick Fanning
11%
Elizabeth Debicki
5%

Score Distribution

Percentile by Number Answered

Percent of People with Each Score

Your Score History

You have not taken this quiz